La divisin̤ de la cosa comn︢ en el Cd̤igo Civil

Detalles Bibliográficos
Autor principal: Abella Rubio, Jos ̌Mara̕
Formato: Libro
Lenguaje:español
Publicado: Madrid Dykinson 2012
Materias:
Acceso en línea:Acceso restringido

MARC

LEADER 00000nam a22000007a 4500
005 2015120308298.0
007 cr|||| ||u|
008 151203s2012 sp ||||| |||| 00| 0 spa d
020 |a 978-84-9031-458-6 
035 |a 12957 
040 |a vLex 
090 |c 5715  |d 5715 
100 1 |a Abella Rubio, Jos ̌Mara̕ 
245 1 3 |a La divisin̤ de la cosa comn︢ en el Cd̤igo Civil  |h [Recurso electrn̤ico] /  |c Jos ̌Mara̕ Abella Rubio  
256 |a Servicio en ln̕ea 
260 |a Madrid  |b Dykinson  |c 2012 
300 |a 1 recurso electrn̤ico (4.® Edicin̤ 368 pg̀inas) 
506 1 |a Contenido solo disponible en los productos indicados  |d vLex Global  |d vLex Global (Academic Edition, excluding Law Schools)  |d vLex Global (U.S. Academic Edition, Law Schools)  |d vLex Global (U.S. Academic Edition, excluding Law Schools)  |d vLex Global (Academic Edition, Law Schools) 
650 0 4 |a Cd̤igo Civil  |z Brasil 
740 0 |a vLex libros (servicio en ln̕ea) 
856 4 0 |u http://vlex.com/source/division-cosa-comun-codigo-civil-12957  |z Acceso restringido 
942 |c BOOK 
999 0 |a Civil Law